000 00478nam a2200181Ia 4500
005 20230504101100.0
008 131103s9999 xx 000 0 und d
040 _aLoreto College
041 _aEnglish
082 _a823.8
_bSTE
100 _aStevenson, Robert louis
245 _aTreasure island
_b My first book
_cRobert louis Stevenson
260 _aLondon
_bCassell and co.ltd.
_c1936
300 _a372p.
650 _aEnglish fiction
850 _aLCLIB
942 _cBK
999 _c22447
_d72926